| 000 | 00603nam a22002177a 4500 | ||
|---|---|---|---|
| 003 | OSt | ||
| 005 | 20240617110037.0 | ||
| 008 | 240617b |||||||| |||| 00| 0 eng d | ||
| 020 | _a0131277723 | ||
| 040 | _cMUST | ||
| 082 |
_a512.5 _bBRE 2005 |
||
| 100 |
_aBretscher, Otto _917313 |
||
| 245 |
_aLinear algebra with application / _cOtto Bretscher |
||
| 250 | _a3rd.ed. | ||
| 260 |
_aNew Jersey _bPearson Prentice Hall _c2005 |
||
| 300 |
_axvi,469p; _bcol.ill : _c24cm. |
||
| 504 | _aIncludes bibliographical references and index | ||
| 650 | _2Algebra | ||
| 650 | _2Mathematics | ||
| 942 |
_2ddc _cO_SHELF |
||
| 999 |
_c8524 _d8524 |
||